00877cam a2200253 a 450000100100000000500170001000800410002702000150006804000230008308200200010610000500012624500590017626000340023530000340026949000330030365000280033665000310036483000420039591000320043791000070046904900090047695201230048599900150060800000981020200929161720.0760712s1992 sp ab 000 f spa d a8433909436 aDO-SdBNPcICUdDLC a863.64bC112aga1 aCaballero Bonald, José Manuel,d1928-9988710aÁgata ojo de gato /cJosé Manuel Caballero Bonald. aBarcelona :bAnagrama,c1992. a317 p. :bil., map. ;c20 cm.1 aNarrativas hispánicasv133 4aNovela española91123 4aLiteratura española9632 0aNarrativas hispánicas ;v133921236 aCatalogación derivada /LC aWM aBNGR 001054708MOaGRbGRcHDd2009-10-01iLF1l0o863.64 C112agap9810-10r2020-06-25w2020-06-25y4ZPréstamo en sala c9569d9569